000 00518nam a2200157Ia 4500
008 220204s9999 xx 000 0 und d
082 _a575:631.523
_bGAL
100 _aBreiman, Adina
245 0 _aTransgenic plants: With an appendix on intellectual properties & commercialisation of transgenic plants by John Barton
260 _aLondon
_bImperial College Press
_c1997
650 _aCrop improvement
650 _aGene expression
650 _aIntellectual property system
700 _aGalun, Esra
942 _cBK
999 _c41492
_d41492